<?xml version="1.0" encoding="UTF-8"?>
<record
    xmlns:xsi="http://www.w3.org/2001/XMLSchema-instance"
    xsi:schemaLocation="http://www.loc.gov/MARC21/slim http://www.loc.gov/standards/marcxml/schema/MARC21slim.xsd"
    xmlns="http://www.loc.gov/MARC21/slim">

  <leader>00878nam a22002057a 4500</leader>
  <controlfield tag="008">100421t        xxu||||| |||| 00| 0 eng d</controlfield>
  <datafield tag="082" ind1=" " ind2=" ">
    <subfield code="2">21</subfield>
    <subfield code="a">610</subfield>
    <subfield code="b">&#x643; &#x644; &#x649;</subfield>
  </datafield>
  <datafield tag="100" ind1=" " ind2=" ">
    <subfield code="9">13634</subfield>
    <subfield code="a">&#x627;&#x646;&#x62F;&#x631;&#x633;&#x648;&#x646;, &#x643;&#x644;&#x64A;&#x641;&#x648;&#x631;&#x62F; &#x631;.</subfield>
  </datafield>
  <datafield tag="245" ind1=" " ind2=" ">
    <subfield code="a">&#x637;&#x631;&#x64A;&#x642;&#x643; &#x625;&#x644;&#x649; &#x627;&#x644;&#x635;&#x62D;&#x629; &#x648;&#x627;&#x644;&#x633;&#x639;&#x627;&#x62F;&#x629; /</subfield>
    <subfield code="c">&#x62A;&#x623;&#x644;&#x64A;&#x641;&#x643;&#x644;&#x64A;&#x641;&#x648;&#x631;&#x62F; &#x631;. &#x627;&#x646;&#x62F;&#x631;&#x633;&#x648;&#x646;&#x61B; &#x62A;&#x631;&#x62C;&#x645;&#x629; &#x634;&#x627;&#x643;&#x631; &#x62E;&#x644;&#x64A;&#x644; &#x646;&#x635;&#x627;&#x631;</subfield>
  </datafield>
  <datafield tag="250" ind1=" " ind2=" ">
    <subfield code="a">&#x637;.6</subfield>
  </datafield>
  <datafield tag="260" ind1=" " ind2=" ">
    <subfield code="a">&#x628;&#x64A;&#x631;&#x648;&#x62A; :</subfield>
    <subfield code="b">&#x62F;&#x627;&#x631; &#x627;&#x644;&#x634;&#x631;&#x642; &#x627;&#x644;&#x623;&#x648;&#x633;&#x637; &#x644;&#x644;&#x637;&#x628;&#x639; &#x648;&#x627;&#x644;&#x646;&#x634;&#x631;,</subfield>
    <subfield code="c">&#x633;.1975.</subfield>
  </datafield>
  <datafield tag="300" ind1=" " ind2=" ">
    <subfield code="a">523 &#x635;&#x61B;</subfield>
    <subfield code="c">21 &#x633;&#x645;.</subfield>
  </datafield>
  <datafield tag="650" ind1=" " ind2=" ">
    <subfield code="9">13638</subfield>
    <subfield code="a">&#x627;&#x644;&#x637;&#x628;</subfield>
  </datafield>
  <datafield tag="650" ind1=" " ind2=" ">
    <subfield code="9">13639</subfield>
    <subfield code="a">&#x627;&#x644;&#x62A;&#x63A;&#x630;&#x64A;&#x629;</subfield>
  </datafield>
  <datafield tag="650" ind1=" " ind2=" ">
    <subfield code="9">13640</subfield>
    <subfield code="a">&#x627;&#x644;&#x633;&#x631;&#x637;&#x627;&#x646;</subfield>
  </datafield>
  <datafield tag="650" ind1=" " ind2=" ">
    <subfield code="9">13641</subfield>
    <subfield code="a">&#x627;&#x644;&#x642;&#x644;&#x628; &#x648;&#x627;&#x645;&#x631;&#x627;&#x636;&#x647;</subfield>
  </datafield>
  <datafield tag="700" ind1=" " ind2=" ">
    <subfield code="9">13635</subfield>
    <subfield code="a">&#x646;&#x635;&#x627;&#x631;, &#x634;&#x627;&#x643;&#x631; &#x62E;&#x644;&#x64A;&#x644;</subfield>
  </datafield>
  <datafield tag="942" ind1=" " ind2=" ">
    <subfield code="2">ddc</subfield>
    <subfield code="c">BB</subfield>
  </datafield>
  <datafield tag="999" ind1=" " ind2=" ">
    <subfield code="c">13921</subfield>
    <subfield code="d">13921</subfield>
  </datafield>
  <datafield tag="952" ind1=" " ind2=" ">
    <subfield code="0">0</subfield>
    <subfield code="1">0</subfield>
    <subfield code="2">ddc</subfield>
    <subfield code="4">0</subfield>
    <subfield code="7">0</subfield>
    <subfield code="8"> </subfield>
    <subfield code="a">MAIN</subfield>
    <subfield code="b">MAIN</subfield>
    <subfield code="c">1ST</subfield>
    <subfield code="d">2010-04-21</subfield>
    <subfield code="e">purchase</subfield>
    <subfield code="l">1</subfield>
    <subfield code="m">2</subfield>
    <subfield code="o">610 &#x627;&#x646;&#x62F;</subfield>
    <subfield code="p">000020450</subfield>
    <subfield code="r">2025-07-15 00:00:00</subfield>
    <subfield code="s">2015-01-27</subfield>
    <subfield code="y">BB</subfield>
  </datafield>
</record>
